000 01022nmm a2200313 a 4500
003 AR-BaBNM
005 20251128203036.0
008 166119s1983 ||||||||||||||000 | spa||
020 _a950-16-3003-X
040 _cAR-BaBNM
100 1 _aBianchi, Ariel Edgardo
245 1 0 _aOrientación vocacional
_bmetodología de la decisión correcta
260 _aBuenos Aires
_bTroquel
_c1983
300 _a225 p.
_btablas, il., diagr.
500 _aContiene información sobre el Programa Nacional de Enseñanza Media desarrollado en Capital Federal durante 1977-1978
504 _aBibliografía: p. 223-225
650 4 _aADOLESCENCIA
650 4 _aASESORAMIENTO DEL DOCENTE
650 4 _aORIENTACION PEDAGOGICA DE DOCENTES
650 4 _aORIENTACION PROFESIONAL
650 4 _aPROGRAMAS DE ORIENTACION
650 4 _aPSICOLOGOS
650 4 _aTRABAJADORES SOCIALES
653 _aORIENTACION VOCACIONAL
653 _aGABINETES PSICOPEDAGOGICOS
653 _aEDUCACION SECUNDARIA
942 _cBK
998 _cSILVI
999 _c1630
_d1630